000 005010000a22001810004500
003 LK-CoMWRAF
005 20231113160650.0
008 230817t1979 ||||| |||| 00| 0 eng d
040 _aLK-CoMWRAF
_dLK-CoMWRAF
_eLK-CoMWRAF
041 _aeng
082 _a346.549
_bPAT
100 _aPatel, Rashida
245 _aWomen and law in Pakistan
260 _aKarachi:
_bFaiza,
_c1979
300 _axxxii, 194 p. ; 23 cm.
_bIndex included
650 _aWomen--Legal status, laws, etc.--Pakistan.
942 _cBK
999 _c336
_d336